Buteurs PSG Ligue des Champions 2024-2025 (Mort subite) - Statistiques

Statistiques générales
  • Ce quiz a été pris 4 397 fois
  • Le résultat moyen est 9 sur 12
Answers on the Grid
Answers color-coded by a green-red scale on the quiz's grid according to % correct below.
Achraf Hakimi
Warren Zaïre-Emery
Gonçalo Ramos
Nuno Mendes
Désiré Doué
Ousmane Dembélé
Bradley Barcola
João Neves
Vitinha
Khvicha Kvaratskhelia
Senny Mayulu
Fabián Ruiz
Marquinhos
Willian Pacho
Lucas Hernandez
Randal Kolo Muani
Lucas Beraldo
Ibrahim Mbaye
Lee Kang-in
Marco Asencio
 
Statistiques - réponses
Réponse % Correct
Ousmane Dembélé
86%
Désiré Doué
85%
Achraf Hakimi
83%
Khvicha Kvaratskhelia
83%
Bradley Barcola
80%
Senny Mayulu
77%
Vitinha
76%
Fabián Ruiz
75%
Nuno Mendes
72%
Gonçalo Ramos
71%
João Neves
65%
Warren Zaïre-Emery
42%
Aucun quiz correspondant
Distribution des résultats
% des personnes avec chaque résultat
Percentile par nombre de réponses
Votre historique - résultats
Vous n’avez pas pris ce quiz